Biely adrenalín prvé lyže do Tatier priniesol smokovecký lekárnik ...

Bibliographic Details
Main Author: Filipko, Peter (Author)
Format: Article
Language:Slovak
PhysicalDescription:Fotogr.
ISSN:1336-0256
Subjects:

MARC

LEADER 00000nab a2200000 ar4500
001 vtls008932692
003 SK-MaSNL
005 20260426090804.0
008 180228c2006 xo mr|p|||||||000 b|slo
015 |a SNBRB2007/01  |2 snkbucl 
040 |a SNKBUCL  |b slo  |c SNKBUCL  |e AACR2 
041 0 |a slo 
044 |a xo  |c SK 
080 |a 796.92  |x (437.6)  |2 2001 
100 1 |a Filipko, Peter  |4 aut  |9 1035183 
245 1 0 |a Biely adrenalín  |b prvé lyže do Tatier priniesol smokovecký lekárnik ...  |c Peter Filipko 
300 |b Fotogr. 
650 0 7 |a lyžovanie  |2 snkbucl  |9 3256 
651 7 |a Slovensko  |2 snkbucl  |9 14231 
773 0 |t Extra plus  |g Roč. 6, december (2006), s. [28-29]  |x 1336-0256 
852 |a SNK  |b KIS3GCP 
958 |a SK 
999 |c 3003181  |d 3005111